Capital City Pictures #2: Country and Continent - Statistics

General Stats
  • This quiz has been taken 40 times
  • The average score is 38 of 48
Answer Stats
Picture Answer % Correct
United States
100%
Washington
100%
Africa
94%
Africa
94%
Africa
94%
Asia
94%
Asia
94%
Asia
94%
Asia
94%
Berlin
94%
Germany
94%
North America
94%
North America
94%
North America
94%
Argentina
88%
Buenos Aires
88%
Costa Rica
88%
Europe
88%
Europe
88%
Europe
88%
Malaysia
88%
San Jose
88%
South America
88%
South America
88%
Kuala Lumpur
81%
New Zealand
81%
Oceania
81%
Ecuador
75%
Quito
75%
Wellington
75%
Albania
69%
Damascus
69%
Hanoi
69%
Syria
69%
Vietnam
69%
Accra
63%
Czech Republic
63%
Dominican Republic
63%
Ghana
63%
Prague
63%
Santo Domingo
63%
Tirana
63%
Dakar
56%
Senegal
56%
Tunis
56%
Tunisia
56%
Manila
50%
Philippines
50%
No matching quizzes found
Score Distribution
Percent of People with Each Score
Percentile by Number Answered
Your Score History
You have not taken this quiz